书目信息 |
| 题名: |
教育管理与教学评价研究
|
|
| 作者: | 杨祝英 , 陈琦鹂 , 张媛丽 主编 | |
| 分册: | ||
| 出版信息: | 长春 吉林出版集团股份有限公司 2019.08 |
|
| 页数: | 311页 | |
| 开本: | 26cm | |
| 丛书名: | ||
| 单 册: | ||
| 中图分类: | G40-058 , G420 | |
| 科图分类: | ||
| 主题词: | 教育管理--jiao yu guan li--研究 , 教学评估--jiao xue ping gu--研究 | |
| 电子资源: | ||
| ISBN: | 978-7-5581-8039-2 | |
| 000 | 01165nam0 2200277 450 | |
| 001 | 0104125643 | |
| 005 | 20201104125714.0 | |
| 010 | @a978-7-5581-8039-2@dCNY58.00 | |
| 100 | @a20191202d2019 em y0chiy0110 ea | |
| 101 | 0 | @achi |
| 102 | @aCN@b220000 | |
| 105 | @ay z 000yy | |
| 106 | @ar | |
| 200 | 1 | @a教育管理与教学评价研究@Ajiao yu guan li yu jiao xue ping jia yan jiu@f杨祝英, 陈琦鹂, 张媛丽主编 |
| 210 | @a长春@c吉林出版集团股份有限公司@d2019.08 | |
| 215 | @a311页@d26cm | |
| 330 | @a本书从教育管理和教育评价的基本理论问题入手,集中探讨了教育评价的目的,教育评价与价值取向,教育评价与教育质量,教育评价与管理思想等。这些问题是教育评价从理论走向实践过程中必须清晰认识的前提性问题,只有深刻理解这些问题,方能从更高层次准确把握教育评价。教育公平是体现教育事业健康发展的重要标尺,也是教育界多年来孜孜追求的目标。 | |
| 606 | 0 | @a教育管理@Ajiao yu guan li@x研究 |
| 606 | 0 | @a教学评估@Ajiao xue ping gu@x研究 |
| 690 | @aG40-058@v5 | |
| 690 | @aG420@v5 | |
| 701 | 0 | @a杨祝英@Ayang zhu ying@4主编 |
| 701 | 0 | @a陈琦鹂@Achen qi li@4主编 |
| 701 | 0 | @a张媛丽@Azhang yuan li@4主编 |
| 801 | 0 | @aCN@bBJSZM@c20201104 |
| 905 | @b1261746-9@dG40-058@e1126@f4 | |
| 教育管理与教学评价研究/杨祝英, 陈琦鹂, 张媛丽主编.-长春:吉林出版集团股份有限公司,2019.08 |
| 311页;26cm |
| ISBN 978-7-5581-8039-2:CNY58.00 |
| 本书从教育管理和教育评价的基本理论问题入手,集中探讨了教育评价的目的,教育评价与价值取向,教育评价与教育质量,教育评价与管理思想等。这些问题是教育评价从理论走向实践过程中必须清晰认识的前提性问题,只有深刻理解这些问题,方能从更高层次准确把握教育评价。教育公平是体现教育事业健康发展的重要标尺,也是教育界多年来孜孜追求的目标。 |
| ● |
| 相关链接 |
|
|
|
|
正题名:教育管理与教学评价研究
索取号:G40-058/1126
 
预约/预借
| 序号 | 登录号 | 条形码 | 馆藏地/架位号 | 状态 | 备注 |
| 1 | 1261746 | 212617462 | 第一样本阅览室/ [索取号:G40-058/1126] | 在馆 | |
| 2 | 1261747 | 212617471 | 教育系资料室/ [索取号:G40-058/1126] | 在馆 | |
| 3 | 1261748 | 212617480 | 教育系资料室/ [索取号:G40-058/1126] | 在馆 | |
| 4 | 1261749 | 212617499 | 第四借阅区/ [索取号:G40-058/1126] | 在馆 |